[Event "Niederrhein-ch"]
[Site "Solingen"]
[Date "2014.04.17"]
[Round "6"]
[White "Plueckelmann, Thomas"]
[Black "Guenaydin, Alperen"]
[Result "0-1"]
[WhiteElo "1780"]
[BlackElo "1711"]
[PlyCount "71"]
[EventDate "2014.04.12"]
[EventType "swiss"]
[EventRounds "7"]
[EventCountry "GER"]
[SourceTitle "EXT 2016"]
[Source "ChessBase"]
[SourceDate "2015.10.08"]
[SourceVersion "1"]
[SourceVersionDate "2015.10.08"]
[SourceQuality "1"]

1. d4 Nf6 2. c4 g6 3. Nc3 Bg7 4. e4 d6 5. f4 0-0 6. Nf3 Na6 7. Be2 e5 8. fxe5 dxe5 9. Nxe5 c5 10. Nf3 cxd4 11. Qxd4 Qxd4 12. Nxd4 Nxe4 13. Nxe4 Bxd4 14. Nd6 Be6 15. a3 Nc5 16. Rb1 Nb3 17. Bf4 f5 18. Nb5 Rac8 19. Nxd4 Nxd4 20. b3 Rfe8 21. Rb2 Bf7 22. Kf2 Re4 23. Be3 Nc6 24. Bf3 Re7 25. Rd1 Ne5 26. Bg5 Rd7 27. Rxd7 Nxd7 28. Bxb7 Rb8 29. Ba6 Nc5 30. Bf4 Rb6 31. Ke3 Nxa6 32. Be5 Nc5 33. b4 Re6 34. Kd4 Rxe5 35. bxc5 Re4+ 36. Kd3 0-1

[Event "Rheinhausen-ch op 18th"]
[Site "Rheinhausen"]
[Date "2014.03.07"]
[Round "5"]
[White "Grigat, Klaus Dieter"]
[Black "Guenaydin, Alperen"]
[Result "1/2-1/2"]
[WhiteElo "1792"]
[BlackElo "1912"]
[PlyCount "141"]
[EventDate "2014.01.10"]
[EventType "swiss"]
[EventRounds "7"]
[EventCountry "GER"]
[SourceTitle "EXT 2017"]
[Source "ChessBase"]
[SourceDate "2016.10.25"]
[SourceVersion "1"]
[SourceVersionDate "2016.10.25"]
[SourceQuality "1"]

1. e4 c5 2. Nf3 Nc6 3. d4 cxd4 4. Nxd4 e5 5. Nb5 d6 6. N1c3 a6 7. Na3 b5 8. Nd5 Nge7 9. Be3 Nxd5 10. exd5 Ne7 11. c4 Nf5 12. Bd2 Be7 13. Bd3 0-0 14. 0-0 Bg5 15. cxb5 Nd4 16. Qh5 h6 17. Bxg5 Qxg5 18. Qxg5 hxg5 19. bxa6 f5 20. f3 Bxa6 21. Bxa6 Rxa6 22. Kf2 Rb8 23. Rab1 Ra5 24. Rfd1 Rxd5 25. Nc2 Kf7 26. Nxd4 exd4 27. b4 d3 28. Rb3 Ke6 29. a3 d2 30. Ke2 Rh8 31. h3 g4 32. hxg4 fxg4 33. Re3+ Kd7 34. Rxd2 gxf3+ 35. Rxf3 Rg5 36. Kf2 d5 37. a4 Kc6 38. Rc3+ Kb6 39. Rdc2 Rh6 40. Rc5 Rg4 41. Rb5+ Ka6 42. Rc8 Ka7 43. Rxd5 Rxb4 44. Rc7+ Kb6 45. Rxg7 Rxa4 46. Rdg5 Kc6 47. R5g6+ Rxg6 48. Rxg6+ Kd7 49. Rf6 Ke7 50. Rf3 Rg4 51. g3 Ke6 52. Kg2 Rg8 53. Rf4 Ke5 54. Kf3 Ra8 55. Kg2 Rg8 56. Kh3 Rh8+ 57. Rh4 Rg8 58. Rh5+ Kf6 59. g4 Rg5 60. Kh4 Rg8 61. Rf5+ Kg6 62. Rg5+ Kh7 63. Rxg8 Kxg8 64. Kh5 Kh7 65. Kg5 Kg7 66. Kf5 Kf7 67. g5 Kg7 68. g6 Kg8 69. Kf6 Kf8 70. g7+ Kg8 71. Kg6 1/2-1/2

[Event "Solingen Karneval op"]
[Site "Solingen"]
[Date "2014.02.28"]
[Round "1"]
[White "Proettel, Swen"]
[Black "Guenaydin, Alperen"]
[Result "1-0"]
[WhiteElo "2207"]
[BlackElo "1708"]
[PlyCount "79"]
[EventDate "2014.02.28"]
[EventType "swiss"]
[EventRounds "5"]
[EventCountry "GER"]
[SourceTitle "EXT 2016"]
[Source "ChessBase"]
[SourceDate "2015.10.08"]
[SourceVersion "1"]
[SourceVersionDate "2015.10.08"]
[SourceQuality "1"]

1. e4 c5 2. Nf3 Nc6 3. d3 g6 4. g3 Bg7 5. Bg2 e6 6. 0-0 Nge7 7. Re1 d6 8. c3 0-0 9. Nbd2 b5 10. Nf1 b4 11. d4 Qa5 12. cxb4 Qxb4 13. a3 Qb6 14. d5 Nd4 15. Nxd4 Bxd4 16. Bg5 f6 17. Bh6 Re8 18. Rb1 exd5 19. exd5 Bf5 20. Be4 Bxe4 21. Rxe4 Nxd5 22. Qe2 Re5 23. Qc4 Rae8 24. Rxe5 Rxe5 25. Bf4 Rf5 26. Ne3 Bxe3 27. fxe3 Kg7 28. e4 Rxf4 29. gxf4 Nxf4 30. Kh1 Qb7 31. b4 Nh3 32. Qd5 Qxd5 33. exd5 Nf2+ 34. Kg2 Ne4 35. bxc5 Nxc5 36. Rb8 a6 37. Rb6 Kf7 38. Rxd6 Ke7 39. Rc6 Ne4 40. Re6+ 1-0

[Event "GER-chT U14"]
[Site "Magdeburg"]
[Date "2013.12.28"]
[Round "4.1"]
[White "Guenaydin, Alperen"]
[Black "Gressmann, Moritz"]
[Result "0-1"]
[WhiteElo "1911"]
[BlackElo "2036"]
[PlyCount "102"]
[EventDate "2013.12.27"]
[EventType "team-swiss"]
[EventRounds "4"]
[EventCountry "GER"]
[SourceTitle "EXT 2015"]
[Source "ChessBase"]
[SourceDate "2014.11.20"]
[SourceVersion "1"]
[SourceVersionDate "2014.11.20"]
[SourceQuality "1"]
[WhiteTeam "Rheinhausen"]
[BlackTeam "Weissensee Chemie"]
[WhiteTeamCountry "GER"]
[BlackTeamCountry "GER"]

1. d4 d5 2. c4 dxc4 3. e3 e5 4. Bxc4 exd4 5. exd4 Nf6 6. Nf3 Bd6 7. 0-0 0-0 8. Nc3 Nc6 9. Bg5 Be7 10. a3 Bg4 11. d5 Ne5 12. Be2 Ng6 13. Qd4 Bc8 14. Rfd1 h6 15. Be3 Ng4 16. Qd2 Nxe3 17. fxe3 Re8 18. Nd4 Bg5 19. Nc2 Qe7 20. Re1 Bxe3+ 21. Nxe3 Qxe3+ 22. Qxe3 Rxe3 23. Kf2 Re7 24. Rac1 a6 25. d6 cxd6 26. Nd5 Rxe2+ 27. Rxe2 Be6 28. Nb6 Rd8 29. Rc7 d5 30. Rd2 d4 31. Rc5 Rd6 32. Nc4 Bxc4 33. Rxc4 d3 34. Re4 f6 35. Ke3 Ne5 36. Rd4 Rc6 37. R2xd3 Nxd3 38. Kxd3 Rc7 39. Rc4 Rxc4 40. Kxc4 f5 41. b4 g5 42. g3 Kf7 43. Kd4 Ke6 44. a4 b6 45. h3 h5 46. h4 gxh4 47. gxh4 Kd6 48. b5 a5 49. Ke3 Ke5 50. Kf3 f4 51. Kf2 Ke4 0-1

[Event "GER-chT U14"]
[Site "Magdeburg"]
[Date "2013.12.27"]
[Round "1.1"]
[White "Bauer, Bjoern Benny"]
[Black "Guenaydin, Alperen"]
[Result "1-0"]
[WhiteElo "2043"]
[BlackElo "1911"]
[PlyCount "69"]
[EventDate "2013.12.27"]
[EventType "team-swiss"]
[EventRounds "4"]
[EventCountry "GER"]
[SourceTitle "EXT 2015"]
[Source "ChessBase"]
[SourceDate "2014.11.20"]
[SourceVersion "1"]
[SourceVersionDate "2014.11.20"]
[SourceQuality "1"]
[WhiteTeam "Gau Algesheim"]
[BlackTeam "Rheinhausen"]
[WhiteTeamCountry "GER"]
[BlackTeamCountry "GER"]

1. d4 Nf6 2. c4 g6 3. Nc3 Bg7 4. e4 d6 5. Be2 0-0 6. Nf3 Na6 7. Bg5 Qe8 8. 0-0 e5 9. d5 h6 10. Bh4 g5 11. Bg3 Nc5 12. Nd2 a5 13. b3 Nh7 14. a3 f5 15. f3 Nf6 16. Rb1 Qg6 17. b4 Na6 18. Bf2 g4 19. fxg4 fxg4 20. c5 Nh5 21. cxd6 cxd6 22. Nc4 Nf4 23. bxa5 Nc5 24. Nxd6 Nh3+ 25. gxh3 gxh3+ 26. Bg3 Qxd6 27. Rb6 Qe7 28. d6 Qg5 29. Rxf8+ Bxf8 30. Qd5+ Be6 31. Qxc5 Rc8 32. Qxe5 Qe3+ 33. Bf2 Qc1+ 34. Nd1 Re8 35. Qc3 1-0

[Event "GER-chT U14"]
[Site "Magdeburg"]
[Date "2013.12.27"]
[Round "2.1"]
[White "Guenaydin, Alperen"]
[Black "Philipp, Mathias"]
[Result "0-1"]
[WhiteElo "1911"]
[BlackElo "1553"]
[PlyCount "82"]
[EventDate "2013.12.27"]
[EventType "team-swiss"]
[EventRounds "4"]
[EventCountry "GER"]
[SourceTitle "EXT 2015"]
[Source "ChessBase"]
[SourceDate "2014.11.20"]
[SourceVersion "1"]
[SourceVersionDate "2014.11.20"]
[SourceQuality "1"]
[WhiteTeam "Rheinhausen"]
[BlackTeam "Weimar"]
[WhiteTeamCountry "GER"]
[BlackTeamCountry "GER"]

1. d4 f5 2. g3 Nf6 3. Bg2 g6 4. Nh3 Bg7 5. 0-0 0-0 6. c4 d6 7. Nc3 e5 8. d5 h6 9. f3 g5 10. e4 fxe4 11. fxe4 Bg4 12. Qc2 Nbd7 13. Nf2 Bh5 14. Bd2 a6 15. b4 Qe7 16. Ncd1 Ng4 17. Nd3 Rxf1+ 18. Bxf1 Rf8 19. Ne3 Nxe3 20. Bxe3 Nf6 21. Bg2 Bg6 22. Nf2 Qd7 23. Qb3 b6 24. c5 b5 25. a4 bxa4 26. Rxa4 Ra8 27. Qc4 Qxa4 28. cxd6 cxd6 29. Bh3 Qb5 30. Be6+ Bf7 31. Bxf7+ Kxf7 32. Qc7+ Qd7 33. Qb6 Ne8 34. Nd3 Qc7 35. Qc6 Qxc6 36. dxc6 Rc8 37. b5 axb5 38. Nb4 Ke6 39. Kf2 Nf6 40. Bb6 Nxe4+ 41. Ke3 Nf6 0-1

[Event "Dortmund Sparkassen op-B"]
[Site "Dortmund"]
[Date "2013.08.04"]
[Round "9"]
[White "Guenaydin, Alperen"]
[Black "Sonntag, Joachim"]
[Result "1-0"]
[WhiteElo "1735"]
[BlackElo "1773"]
[PlyCount "101"]
[EventDate "2013.07.27"]
[EventType "swiss"]
[EventRounds "9"]
[EventCountry "GER"]
[SourceTitle "EXT 2022"]
[Source "ChessBase"]
[SourceDate "2021.10.06"]
[SourceVersion "1"]
[SourceVersionDate "2021.10.06"]
[SourceQuality "1"]

1. d4 d5 2. c4 e6 3. Nc3 Nf6 4. Nf3 Bb4 5. Qc2 0-0 6. e3 Nbd7 7. Bd3 h6 8. 0-0 b6 9. a3 Bd6 10. cxd5 exd5 11. Nb5 Ba6 12. Nxd6 Bxd3 13. Qxd3 cxd6 14. Bd2 Ne4 15. Bb4 Rc8 16. Rfc1 Ndf6 17. a4 Qd7 18. Qb5 Rxc1+ 19. Rxc1 Rc8 20. Ra1 Rc2 21. Qxd7 Nxd7 22. Be1 g5 23. a5 b5 24. a6 Nb8 25. b3 Rc6 26. Ra5 Rb6 27. Nd2 Nc3 28. Nf3 b4 29. Kf1 Nxa6 30. Bxc3 bxc3 31. Ne1 Nb4 32. Ke2 a6 33. Nd3 c2 34. Ra1 Rc6 35. Nc1 f5 36. Kd2 Kf7 37. Ra4 Rb6 38. Kc3 Nc6 39. Kxc2 a5 40. Ne2 Ke6 41. Ra1 Nb4+ 42. Kd2 Nc6 43. Kc3 Ra6 44. h4 Nb4 45. hxg5 hxg5 46. Kd2 Kf6 47. Rh1 a4 48. bxa4 Rxa4 49. Nc3 Ra6 50. Rb1 Rb6 51. Na2 1-0

[Event "Dortmund Sparkassen op-B"]
[Site "Dortmund"]
[Date "2013.08.02"]
[Round "7"]
[White "Guenaydin, Alperen"]
[Black "Vestrick, Frank"]
[Result "1-0"]
[WhiteElo "1735"]
[BlackElo "1672"]
[PlyCount "127"]
[EventDate "2013.07.27"]
[EventType "swiss"]
[EventRounds "9"]
[EventCountry "GER"]
[SourceTitle "EXT 2022"]
[Source "ChessBase"]
[SourceDate "2021.10.06"]
[SourceVersion "1"]
[SourceVersionDate "2021.10.06"]
[SourceQuality "1"]

1. d4 Nf6 2. c4 g6 3. Nc3 Bg7 4. e4 d6 5. Nf3 0-0 6. Be2 e5 7. 0-0 Nc6 8. d5 Ne7 9. b4 a5 10. bxa5 Rxa5 11. Nd2 Nd7 12. Nb3 Ra8 13. a4 f5 14. f3 h6 15. Ba3 b6 16. Bb4 Ba6 17. a5 g5 18. axb6 Nxb6 19. c5 Bxe2 20. Qxe2 Qb8 21. Nb5 Rxa1 22. Rxa1 Nbc8 23. Qc4 Rf7 24. cxd6 cxd6 25. Ra6 Nb6 26. Qc7 Qxc7 27. Nxc7 Nec8 28. Nb5 Bf8 29. Nxd6 Nxd6 30. Rxb6 Nc4 31. Rb8 fxe4 32. fxe4 Kg7 33. Bxf8+ Rxf8 34. Rxf8 Kxf8 35. Kf2 Ke7 36. Ke2 Kd6 37. Nd2 Na3 38. Kd3 Kc5 39. g4 Kb5 40. Nf1 Nc4 41. Ne3 Nd6 42. Nf5 Nf7 43. d6 Kc5 44. d7 Kb5 45. Nxh6 Nd8 46. Ng8 Kc6 47. Nf6 Ne6 48. Kc4 Kd6 49. Kb5 Ke7 50. d8Q+ Kxd8 51. Kc6 Ke7 52. Nd5+ Kf7 53. Kd6 Nd4 54. Kxe5 Nf3+ 55. Kf5 Nxh2 56. Kxg5 Ke6 57. Kf4 Nf1 58. g5 Nd2 59. g6 Nb3 60. Kg5 Nc5 61. g7 Nxe4+ 62. Kh6 Kf7 63. Kh7 Ng5+ 64. Kh8 1-0

[Event "Dortmund Sparkassen op-B"]
[Site "Dortmund"]
[Date "2013.08.01"]
[Round "6"]
[White "Truemper, Michael"]
[Black "Guenaydin, Alperen"]
[Result "1-0"]
[WhiteElo "1719"]
[BlackElo "1735"]
[PlyCount "40"]
[EventDate "2013.07.27"]
[EventType "swiss"]
[EventRounds "9"]
[EventCountry "GER"]
[SourceTitle "EXT 2022"]
[Source "ChessBase"]
[SourceDate "2021.10.06"]
[SourceVersion "1"]
[SourceVersionDate "2021.10.06"]
[SourceQuality "1"]

1. d4 Nf6 2. Bg5 e6 3. e4 h6 4. Bxf6 Qxf6 5. Nf3 c5 6. c3 b6 7. Be2 Bb7 8. Nbd2 cxd4 9. cxd4 Qg6 10. Qc2 Qxg2 11. Rg1 Qh3 12. Qc7 Bc6 13. Qc8+ Ke7 14. Rg3 Qh5 15. Ne5 Qxh2 16. Ndf3 Qh1+ 17. Rg1 Kf6 18. Qd8+ Be7 19. Qxh8 Bb4+ 20. Kd1 Bxe4 1-0

[Event "Dortmund Sparkassen op-B"]
[Site "Dortmund"]
[Date "2013.07.27"]
[Round "1"]
[White "Guenaydin, Alperen"]
[Black "Schweda, Albert"]
[Result "1-0"]
[WhiteElo "1735"]
[BlackElo "1529"]
[PlyCount "53"]
[EventDate "2013.07.27"]
[EventType "swiss"]
[EventRounds "9"]
[EventCountry "GER"]
[SourceTitle "EXT 2022"]
[Source "ChessBase"]
[SourceDate "2021.10.06"]
[SourceVersion "1"]
[SourceVersionDate "2021.10.06"]
[SourceQuality "1"]

1. d4 d5 2. c4 e6 3. Nc3 Nf6 4. Nf3 Nc6 5. e3 g6 6. Bd3 Bg7 7. b3 b6 8. Ba3 Bb7 9. Qc2 Ne7 10. cxd5 Nfxd5 11. Nxd5 Bxd5 12. Bb5+ Kf8 13. Rc1 a6 14. Bd3 Ra7 15. e4 Ba8 16. 0-0 Kg8 17. Rfd1 h6 18. Bc4 c6 19. Ne5 Bxe5 20. dxe5 Rd7 21. Rxd7 Qxd7 22. Bxa6 b5 23. Qc5 Kf8 24. Qd6 Ke8 25. Rd1 Nd5 26. exd5 cxd5 27. Bxb5 1-0

[Event "Niederrhein-ch"]
[Site "Krefeld"]
[Date "2013.03.29"]
[Round "7"]
[White "Guenaydin, Alperen"]
[Black "Hampel, Ernst"]
[Result "1-0"]
[WhiteElo "1607"]
[BlackElo "1498"]
[PlyCount "105"]
[EventDate "2013.03.23"]
[EventType "swiss"]
[EventRounds "7"]
[EventCountry "GER"]
[SourceTitle "EXT 2015"]
[Source "ChessBase"]
[SourceDate "2014.11.20"]
[SourceVersion "1"]
[SourceVersionDate "2014.11.20"]
[SourceQuality "1"]

1. d4 Nf6 2. Nf3 c5 3. d5 d6 4. Nc3 e6 5. e4 exd5 6. exd5 g6 7. Be2 Bg4 8. 0-0 Bg7 9. Bf4 Bxf3 10. Bxf3 a6 11. Re1+ Kd7 12. Bg4+ Kc7 13. a4 Re8 14. Qf3 Nxg4 15. Qxg4 Nd7 16. a5 Bxc3 17. bxc3 Nf6 18. Qf3 Qd7 19. c4 Nh5 20. Be3 f5 21. Reb1 Re4 22. Bd2 Rxc4 23. Qb3 Qb5 24. Qa2 Rb4 25. Bxb4 cxb4 26. c4 Qc5 27. Re1 Rd8 28. Qd2 Nf6 29. Qe3 b6 30. Qxc5+ bxc5 31. f3 Kd7 32. Re6 Ng8 33. Rae1 Rb8 34. Kf2 b3 35. Ke3 b2 36. Rb1 g5 37. Kd3 Ne7 38. Re2 Ng6 39. Rexb2 Rxb2 40. Rxb2 Ne5+ 41. Kc3 h5 42. Rb6 h4 43. Rxa6 g4 44. Rb6 h3 45. gxh3 gxf3 46. a6 f2 47. Rb1 Nf3 48. a7 Ne1 49. a8Q Ke7 50. Qh8 Kf7 51. Rb7+ Kg6 52. Qg7+ Kh5 53. Rb8 1-0

[Event "Dortmund Sparkassen op-B"]
[Site "Dortmund"]
[Date "2012.07.20"]
[Round "7"]
[White "Guenaydin, Alperen"]
[Black "Brock, Udo"]
[Result "1/2-1/2"]
[WhiteElo "1401"]
[BlackElo "1619"]
[PlyCount "41"]
[EventDate "2012.07.14"]
[EventType "swiss"]
[EventRounds "9"]
[EventCountry "GER"]
[SourceTitle "EXT 2014"]
[Source "ChessBase"]
[SourceDate "2013.11.20"]
[SourceVersion "1"]
[SourceVersionDate "2013.11.20"]
[SourceQuality "1"]

1. d4 e6 2. c4 d5 3. Nf3 Nf6 4. Nc3 Be7 5. e3 0-0 6. Bd3 b6 7. 0-0 Bb7 8. Re1 c5 9. cxd5 Nxd5 10. e4 Nxc3 11. bxc3 cxd4 12. cxd4 Nc6 13. Bb2 Rc8 14. Rc1 Nb4 15. Bb1 Bf6 16. Ba3 Be7 17. Rxc8 Qxc8 18. Qa4 a5 19. Qb5 Qc6 20. Qxc6 Nxc6 21. Bxe7 1/2-1/2